Lengua y literatura 4 : (Registro nro. 9486)

Detalles MARC
000 -LIDER
fixed length control field 02063nam a2200397 a 4500
001 - NÚMERO DE CONTROL
Identificador de número de control 00003807
003 - IDENTIFICACDOR DE NÚMERO DE CONTROL
control field DO-SdBNP
005 - DATE AND TIME OF LATEST TRANSACTION
control field 20180314114325.0
007 - CAMPOS FIJOS DE DESCRIPCIÓN FÍSICA
fixed length control field 00003807
008 - ELEMENTOS DE LONGITUD FIJA
fixed length control field 091118s2009 dr ac 000 0 spa d
020 ## - ISBN
International Standard Book Number 9789945171761
040 ## - FUENTE DE CATALOGACIÓN
Agencia que crea de manera original el registro BPMSU
Idioma de catalogación spa
Agencia que realiza la transcripción BPMSU
082 04 - NÚMERO DE CLASIFICACIÓN DECIMAL DE DEWEY
Classification number 373.6561
Item number L566L 4to. 2009
245 00 - MENCIÓN DE TITULO
Título Lengua y literatura 4 :
Subtítulo educación media /
Mención de responsabilidad dirección editorial Luis Miguel Aguas Vanin ; coordinación Mónica Volonteri.
260 ## - PUBLICACIÓN, DISTRIBUCIÓN, ETC. (PIE DE IMPRENTA)
Lugar de publicación, distribución, etc Santo Domingo :
Nombre del editor, distribuidor, etc. SM,
Fecha de publicación, distribución, etc 2009.
300 ## - DESCRIPCIÓN FÍSICA
Extensión 279 p. :
Otros detalles físicos il. ;
Dimensiones 27 cm.
490 1# - MENCIÓN DE SERIES
Mención de serie Educación en valores
505 0# - NOTA DE CONTENIDO
Título Texto argumentativo. Posmodernismo I --
-- Texto argumentativo. Posmodernismo II --
-- Texto instructivo. Vanguardias europeas --
-- Texto jurídicos. Vanguardias latinoamericanas --
-- Texto científico. Vanguardias dominicanas --
-- Nota de opinión. Vanguardias dominicanas --
-- Reportaje. Generación española del 27 --
-- Prosa poética. Género policial --
-- Cuento fantástico. Literatura europea después de la Segunda Guerra --
-- Lírica de canciones. Realismo mágico y boom --
-- Texto dramático. Literatura de las últimas décadas del siglo XX --
-- Guión de cine. Literatura dominicana contemporánea --
-- Anexo: Pruebas nacionales --
-- Anexo: Cronología de la literatura.
Información miscelánea Unidad --
650 #4 - ENCABEZAMIENTO DE MATERIA--TEMÁTICO
Término temático o nombre geográfico como elemento de entrada ESPAÑOL
Subdivisión temática general ENSEÑANZA SECUNDARIA
650 #4 - ENCABEZAMIENTO DE MATERIA--TEMÁTICO
Término temático o nombre geográfico como elemento de entrada LITERATURA
Subdivisión temática general EDUCACICIÓN SECUNDARIA
650 #4 - ENCABEZAMIENTO DE MATERIA--TEMÁTICO
Término temático o nombre geográfico como elemento de entrada EDUCACIÓN SECUNDARIA
Subdivisión geográfica RÉPÚBLICA DOMINICANA
650 #4 - ENCABEZAMIENTO DE MATERIA--TEMÁTICO
Término temático o nombre geográfico como elemento de entrada LITERATURA
Subdivisión temática general ENSEÑANZA SECUNDARIA
650 #4 - ENCABEZAMIENTO DE MATERIA--TEMÁTICO
Término temático o nombre geográfico como elemento de entrada ESPAÑOL
Subdivisión temática general EDUCACIÓN SECUNDARIA
650 #4 - ENCABEZAMIENTO DE MATERIA--TEMÁTICO
Término temático o nombre geográfico como elemento de entrada ESPAÑOL
Subdivisión temática general ESTUDIOS Y EJERCICIOS
650 #4 - ENCABEZAMIENTO DE MATERIA--TEMÁTICO
Término temático o nombre geográfico como elemento de entrada ESPAÑOL
Subdivisión temática general LIBROS DE TEXTOS
650 #4 - ENCABEZAMIENTO DE MATERIA--TEMÁTICO
Término temático o nombre geográfico como elemento de entrada LITERATURA
Subdivisión temática general ESTUDIOS Y EJERCICIOS
650 #4 - ENCABEZAMIENTO DE MATERIA--TEMÁTICO
Término temático o nombre geográfico como elemento de entrada LITERATURA
Subdivisión temática general LIBROS DE TEXTOS
650 #4 - ENCABEZAMIENTO DE MATERIA--TEMÁTICO
Término temático o nombre geográfico como elemento de entrada ESPAÑOL
Subdivisión temática general ESTUDIOS Y EJERCICIOS
700 1# - ASIENTO SECUNDARIO -- NOMBRE PERSONAL
Nombre personal Volonteri, Mónica
700 1# - ASIENTO SECUNDARIO -- NOMBRE PERSONAL
Nombre personal Aguas Vanin, Luis Miguel,
Mención de responsabilidad ed.
830 #0 - ASIENTO SECUNDARIO DE SERIE--TÍTULO UNIFORME
Nombre de la parte o sección de una obra Educación en valores
910 ## - VALIDACIÓN
Validación Validado. Control de calidad MFF
942 ## - ADDED ENTRY ELEMENTS (KOHA)
Source of classification or shelving scheme Dewey Decimal Classification
Koha item type Libros
945 ## - INFORMACIÓN DE PROCESAMIENTO LOCAL
Información de procesamiento local Remanejado para la BNPHU, 2018 / BT
956 ## - LOCAL ELECTRONIC LOCATION AND ACCESS (OCLC)
Nombre de host LOPEREZ
Número de acceso 10
Información de compresión 20160401
Inicio de sesión BPMSU
Procesador de solicitud 00041
Existencias
Withdrawn status Lost status Source of classification or shelving scheme Damaged status Not for loan Collection code Home library Current library Date acquired Source of acquisition Total Checkouts Full call number Barcode Date last seen Price effective from Koha item type
    Dewey Decimal Classification     Colección Escolar Biblioteca Pública Metropolitana Salomé Ureña Biblioteca Pública Metropolitana Salomé Ureña 04/04/2016 Donación   373.6561 L566L 4to. 2009 BPMSU16040028 04/04/2016 04/04/2016 Libros